000 00280nam a2200121Ia 4500
008 190216s9999||||xx |||||||||||||| ||und||
100 _aKunhiraman Nair
245 0 _aThamarathen
260 _bUniversity Of Calicut
_c1996
300 _a108p
650 _aKavithakal
942 _cBK
999 _c27284
_d27284